Loading...
History - Other History | 0 | 6 | 0 | 3 | 60 | 88 | 118.17 | 0 | 1 |
History - World History | 2 | 4 | 2 | 0 | 60 | 54 | 91.83 | 0 | 5 |
Thought - Social Science | 2 | 3 | 1 | 1 | 55 | 55 | 76.20 | 2 | 4 |
History - Euro History | 1 | 4 | 1 | 2 | 50 | 57 | 102.40 | 2 | 4 |
Science - Biology | 1 | 3 | 0 | 1 | 45 | 61 | 96.75 | 1 | 2 |
Literature - Euro Lit | 0 | 3 | 0 | 1 | 30 | 93 | 104.33 | 0 | 1 |
Beliefs - Mythology | 0 | 3 | 0 | 2 | 30 | 103 | 116.67 | 0 | 0 |
Other - Geo/CE | 1 | 2 | 1 | 1 | 30 | 67 | 91.33 | 0 | 2 |
Arts - Painting | 0 | 3 | 1 | 2 | 25 | 121 | 127.33 | 0 | 2 |
Literature - British Lit | 0 | 2 | 0 | 0 | 20 | 111 | 113.00 | 0 | 1 |
Arts - Other Arts | 0 | 2 | 0 | 1 | 20 | 61 | 95.00 | 0 | 1 |
Beliefs - Religion | 0 | 2 | 0 | 0 | 20 | 74 | 92.00 | 0 | 0 |
History - World History | 1 | 0 | 0 | 0 | 15 | 47 | 47.00 | 1 | 1 |
History - American History | 0 | 2 | 1 | 0 | 15 | 94 | 100.00 | 1 | 1 |
Other - Other Academic | 0 | 2 | 2 | 0 | 10 | 78 | 85.50 | 0 | 2 |
History - Other History | 0 | 1 | 0 | 0 | 10 | 98 | 98.00 | 0 | 1 |
Literature - American Lit | 0 | 1 | 0 | 0 | 10 | 131 | 131.00 | 0 | 0 |
Literature - World Lit | 0 | 1 | 0 | 1 | 10 | 141 | 141.00 | 0 | 0 |
Literature - World Lit | 0 | 1 | 0 | 0 | 10 | 91 | 91.00 | 0 | 1 |
Other - Geo/CE | 0 | 1 | 0 | 0 | 10 | 80 | 80.00 | 0 | 0 |
Arts - Painting | 0 | 1 | 0 | 0 | 10 | 83 | 83.00 | 0 | 1 |
Science - Engineering | 0 | 1 | 0 | 0 | 10 | 102 | 102.00 | 0 | 0 |
Thought - Philosophy | 0 | 1 | 0 | 0 | 10 | 96 | 96.00 | 0 | 1 |
Other - Pop Culture | 0 | 1 | 1 | 0 | 5 | 129 | 129.00 | 1 | 1 |
Science - Chemistry | 0 | 0 | 0 | 0 | 0 | 0.00 | 0 | 0 | |
Thought - Social Science | 0 | 0 | 1 | 0 | -5 | 0.00 | 0 | 0 | |
Other - Pop Culture | 0 | 0 | 1 | 0 | -5 | 0.00 | 0 | 0 |